Classic Spongebob Episodes Quiz Stats

Quiz not verified by Sporcle

Challenge
Share
Tweet
Embed
Score 0/117 Timer 15:00
0 Plays Today
Season Episode % Correct
Season 1Help Wanted
94.4%
Season 1Tea at the Treedome
86.9%
Season 1Plankton!
82.9%
Season 1Bubblestand
79.7%
Season 1Mermaid Man and Barnacle Boy
79.7%
Season 1Ripped Pants
79.2%
Season 1Jellyfishing
78.2%
Season 1Boating School
76.5%
Season 1Mermaid Man and Barnacle Boy II
74.8%
Season 1F.U.N.
74.2%
Season 1Reef Blowers
73.9%
Season 2Band Geeks
73.4%
Season 2Mermaid Man and Barnacle Boy III
72.6%
Season 3Mermaid Man and Barnacle Boy IV
71.5%
Season 1I Was a Teenage Gary
71.4%
Season 1Pizza Delivery
70.7%
Season 1Naughty Nautical Neighbors
70%
Season 2Christmas Who?
69.6%
Season 1Pickles
69.5%
Season 1Rock Bottom
69.5%
Season 1SB-129
69%
Season 1Valentine's Day
68.9%
Season 1Sandy's Rocket
68.4%
Season 1Scaredy Pants
68.4%
Season 1Opposite Day
68.2%
Season 1Home Sweet Pineapple
68.1%
Season 1Suds
67.8%
Season 1The Paper
67.6%
Season 1Arrgh!
67.6%
Season 1Texas
67.6%
Season 2Big Pink Loser
67.1%
Season 2Shanghaied
67.1%
Season 3Mermaid Man and Barnacle Boy V
67.1%
Season 1Culture Shock
67%
Season 1Walking Small
66.5%
Season 2Your Shoe's Untied
66.5%
Season 2The Secret Box
66.5%
Season 1Hooky
66.2%
Season 2Wormy
66%
Season Episode % Correct
Season 2The Fry Cook Games
66%
Season 3Spongebob Meets the Strangler
66%
Season 3Club Spongebob
65.9%
Season 3Pranks a Lot
65.9%
Season 1Squeaky Boots
65.6%
Season 2Bossy Boots
65.6%
Season 2Squidville
65.4%
Season 3The Algae's Always Greener
65.3%
Season 3The Camping Episode
65.1%
Season 1Squidward the Unfriendly Ghost
64.9%
Season 1The Chaperone
64.8%
Season 1Hall Monitor
64.6%
Season 2Sandy, Spongebob, and the Worm
64.6%
Season 1Sleepy Time
64.5%
Season 2Squid's Day Off
64.5%
Season 2Survival of the Idiots
64.5%
Season 1Nature Pants
64.3%
Season 2Imitation Krabs
64%
Season 2No Free Rides
64%
Season 2I'm With Stupid
64%
Season 3SpongeGuard on Duty
64%
Season 3Chocolate With Nuts
64%
Season 1Jellyfish Jam
63.8%
Season 1MuscleBob BuffPants
63.8%
Season 2Bubble Buddy
63.8%
Season 2Prehibernation Week
63.5%
Season 3Party Pooper Pants
63.1%
Season 1Fools in April
62.9%
Season 2Patty Hype
62.9%
Season 3The Sponge Who Could Fly
62.9%
Season 3Ugh
62.8%
Season 1Neptune's Spatula
62.6%
Season 2Gary Takes a Bath
62.6%
Season 3Krusty Krab Training Video
62.6%
Season 1Employee of the Month
62.4%
Season 2Something Smells
62.3%
Season 2Dumped
62.3%
Season 2Procrastination
62.1%
Season 2Squid on Strike
62%
Season Episode % Correct
Season 2Squirrel Jokes
61.8%
Season 2Graveyard Shift
61.5%
Season 3Squilliam Returns
61.5%
Season 3Plankton's Army
61.5%
Season 1Karate Choppers
61.2%
Season 2Pressure
61%
Season 3Clams
61%
Season 3I Had an Accident
61%
Season 3Just One Bite
60.9%
Season 3Doing Time
60.7%
Season 3Krabby Land
60.7%
Season 2Frankendoodle
60.6%
Season 2Jellyfish Hunter
60.4%
Season 3My Pretty Seahorse
60.4%
Season 2Grandma's Kisses
59.9%
Season 2Krusty Love
59.9%
Season 2Sailor Mouth
59.6%
Season 3Wet Painters
59.6%
Season 2The Smoking Peanut
59%
Season 3The Idiot Box
59%
Season 2Dying for Pie
58.8%
Season 3The Bully
58.8%
Season 3Born Again Krabs
58.7%
Season 2Welcome to the Chum Bucket
58.5%
Season 3The Snowball Effect
58.1%
Season 2Artist Unknown
57.7%
Season 3Rock-a-Bye Bivalve
57.6%
Season 3No Weenies Allowed
57.4%
Season 3One Krab's Trash
57.1%
Season 2Life of Crime
57%
Season 3Missing Identity
56.8%
Season 2I'm Your Biggest Fanatic
56.5%
Season 3Nasty Patty
56.3%
Season 3Krab Borg
55.6%
Season 3Mid-Life Crustacean
55.4%
Season 3The Great Snail Race
54.6%
Season 3As Seen on TV
54.3%
Season 3Can You Spare a Dime?
53.8%
Season 3New Student Starfish
53.7%

You're not logged in!

Compare scores with friends on all Sporcle quizzes.
Join for Free
OR
Log In

You Might Also Like...

Show Comments

Extras

Top Quizzes Today


Score Distribution

Your Account Isn't Verified!

In order to create a playlist on Sporcle, you need to verify the email address you used during registration. Go to your Sporcle Settings to finish the process.

Report this User

Report this user for behavior that violates our Community Guidelines.

Details: